000 00300nam a2200121Ia 4500
008 220204s9999 xx 000 0 und d
082 _a620.9
_bDIX
100 _aDix, Samuel M
245 0 _aEnergy: A critical decision
260 _aMichigan
_bEnergy Education
_c1977
650 _aEnergy
942 _cBK
999 _c29863
_d29863